The healing spell / (Record no. 3553)

MARC details
000 -LEADER
fixed length control field 00854nam a22002417a 4500
001 - CONTROL NUMBER
control field 3553
003 - CONTROL NUMBER IDENTIFIER
control field FISKH
005 - DATE AND TIME OF LATEST TRANSACTION
control field 20240320083433.0
008 - FIXED-LENGTH DATA ELEMENTS--GENERAL INFORMATION
fixed length control field 240320b cb ||||| |||| 00| 0 eng d
040 ## - CATALOGING SOURCE
Original cataloging agency FISK
Language of cataloging eng
Transcribing agency FISK
Modifying agency FISK
050 ## - LIBRARY OF CONGRESS CALL NUMBER
Classification number PZ7.L72256
082 ## - DEWEY DECIMAL CLASSIFICATION NUMBER
Classification number 511
100 ## - MAIN ENTRY--PERSONAL NAME
Personal name Little Griffiths Kimberley
Dates associated with a name 1961-
245 ## - TITLE STATEMENT
Title The healing spell /
Statement of responsibility, etc. Kimberley Griffiths Little
260 ## - PUBLICATION, DISTRIBUTION, ETC.
Place of publication, distribution, etc. New York :
Name of publisher, distributor, etc. Scholastic,
Date of publication, distribution, etc. 2011
300 ## - PHYSICAL DESCRIPTION
Extent 354 pages :
Dimensions 20 cm
505 ## - FORMATTED CONTENTS NOTE
Formatted contents note M
520 ## - SUMMARY, ETC.
Summary, etc. Eleven-year-old tomboy Livie is sure that she is responsible for the accident that has put her mother into a coma, so, trying to make amends, she travels through the Louisiana swamps to get a spell that will make her mother well again.
521 8# - TARGET AUDIENCE NOTE
Target audience note 800
Source Lexile
700 ## - ADDED ENTRY--PERSONAL NAME
Personal name Kimberley Griffiths Little
942 ## - ADDED ENTRY ELEMENTS (KOHA)
Source of classification or shelving scheme Dewey Decimal Classification
Koha item type Books
Suppress in OPAC No
Holdings
Withdrawn status Lost status Source of classification or shelving scheme Damaged status Not for loan Collection Home library Current library Shelving location Date acquired Total Checkouts Full call number Barcode Date last seen Copy number Price effective from Koha item type
    Dewey Decimal Classification     Fiction Footprints International School Library Network Toul Kork Campus Footprints International School Library Network Toul Kork Campus TTP Secondary Fiction Bookshelves 03/20/2024   LIT PZ7.L72256 511 2024-0361 03/20/2024 1 03/20/2024 Books